Holiday Quiz

Random Holiday or Christmas Quiz

Christmas Carol Mix-Tape Quiz Stats

 Plays Quiz Updated Feb 28, 2019

Score 0/267 Timer 15:00
1 Play Today
Song % Correct
Song 3a
97.1%
Song 6a
97.1%
Song 6a
97.1%
Song 7a
97.1%
Song 1The
96%
Song 1the
96%
Song 3the
96%
Song 5the
96%
Song 6The
96%
Song 6The
96%
Song 6The
96%
Song 6the
96%
Song 7The
96%
Song 7the
96%
Song 8the
96%
Song 10the
96%
Song 10the
96%
Song 6the
96%
Song 5O
94.8%
Song 8O
94.8%
Song 8O
94.8%
Song 8O
94.8%
Song 1to
91.8%
Song 1and
91.8%
Song 3to
91.8%
Song 7to
91.8%
Song 8to
91.8%
Song 10to
91.8%
Song 1and
91.8%
Song 2and
91.8%
Song 2and
91.8%
Song 5and
91.8%
Song 8and
91.8%
Song 8and
91.8%
Song 9and
91.8%
Song 9and
91.8%
Song 10And
91.8%
Song 10and
91.8%
Song 10And
91.8%
Song 10and
91.8%
Song 10And
91.8%
Song 10and
91.8%
Song 10and
91.8%
Song 6he
91.6%
Song 9is
90.1%
Song 9is
90.1%
Song 10is
90.1%
Song 8all
90.1%
Song 9All
90.1%
Song 9all
90.1%
Song 6in
89.9%
Song 6in
89.9%
Song 7in
89.9%
Song 7In
89.9%
Song 9in
89.9%
Song 9in
89.9%
Song 4upon/on
88.8%
Song 7night
88.7%
Song 9night,
88.7%
Song 9night.
88.7%
Song 1king.
88.6%
Song 8king
88.5%
Song 10King.
88.6%
Song 9holy
88.4%
Song 9Holy
88.4%
Song 2of
88.3%
Song 3of
88.3%
Song 3of
88.3%
Song 5of
88.3%
Song 8of
88.3%
Song 1on
88.2%
Song 6on
88.2%
Song 7on
88.2%
Song 6Lord
87.2%
Song 6Lord
87.2%
Song 10Lord
87.2%
Song 5silent
86.9%
Song 9Silent
86.9%
Song 8come
86.7%
Song 8come
86.7%
Song 8come
86.7%
Song 8come
86.7%
Song 10come.
86.7%
Song 1born
86.3%
Song 4born
86.3%
Song 8born
86.3%
Song 4ye
86.2%
Song 8ye
86.2%
Song 8ye,
86.2%
Song % Correct
Song 8ye,
86.2%
Song 1sing.
86.1%
Song 10sing.
86.1%
Song 10sing.
86.1%
Song 10sing.
86%
Song 10Joy
85.9%
Song 1Peace
85.4%
Song 9peace.
85.4%
Song 9peace.
85.4%
Song 1angels
85.1%
Song 3angels
85.1%
Song 7angels
85.1%
Song 8angels.
85.1%
Song 6bright
85%
Song 9bright.
85%
Song 1earth,
84.9%
Song 3earth,
84.9%
Song 10earth
84.9%
Song 5go
84.9%
Song 5little
84.8%
Song 6little
84.8%
Song 6little
84.8%
Song 5Bethlehem,
84.7%
Song 8Bethlehem.
84.7%
Song 10heaven
84.7%
Song 10heaven
84.7%
Song 10heaven
84.7%
Song 10heaven
84.7%
Song 10world,
84.6%
Song 4Jesus
84.4%
Song 6Jesus
84.4%
Song 6Jesus,
84.4%
Song 7so
84.3%
Song 9so
84.3%
Song 10her
84%
Song 8faithful,
83.9%
Song 4Christ,
82.9%
Song 9child.
82.7%
Song 6no
82.6%
Song 1mild.
82.4%
Song 9mild.
82.4%
Song 5sleep,
82.3%
Song 9Sleep
82.3%
Song 9Sleep
82.3%
Song 9calm,
82.2%
Song 1new
81.6%
Song 5town
81.1%
Song 9mother
81%
Song 4Let
80.7%
Song 6manger,
80.7%
Song 10Let
80.7%
Song 10Let
80.7%
Song 2star.
80.6%
Song 4this/Christmas
80.6%
Song 2We
80.5%
Song 2we
80.5%
Song 5we
80.5%
Song 1Hark!
80.4%
Song 9heavenly
80.2%
Song 9heavenly
80.2%
Song 8joyful
79.9%
Song 6Away
79.9%
Song 9virgin
79.8%
Song 4For
79.7%
Song 6for
79.7%
Song 1God
79.2%
Song 4God
79.2%
Song 1Glory
79.1%
Song 8triumphant.
78.8%
Song 9tender
78.3%
Song 9infant,
77.8%
Song 1herald
77.7%
Song 6his
77.6%
Song 9yon
77.5%
Song 9Round
77.5%
Song 6laid
77.1%
Song 8him.
77%
Song 10him
77%
Song 6lay.
76.5%
Song 7lay.
76.5%
Song 7lay,
76.5%
Song 6down
75.9%
Song 6down
75.9%
Song 4you
75%
Song 6head.
75%
Song 6sweet
75%
Song 6bed,
74.6%
Song 5stars
73.9%
Song 6stars
73.9%
Song % Correct
Song 7as
73.4%
Song 4day.
73.3%
Song 6where
73.2%
Song 7where
73.2%
Song 1mercy
72.6%
Song 4was
72.4%
Song 7was
72.4%
Song 7was
72.4%
Song 2are;
71.8%
Song 4merry
71.2%
Song 6hay.
71.1%
Song 6sky
70.7%
Song 6asleep
70.7%
Song 10every
70.3%
Song 10receive
70.2%
Song 2three
70.1%
Song 6crib
70.1%
Song 2kings
69.7%
Song 10nature
68.1%
Song 10nature
68.1%
Song 10nature
68.1%
Song 4rest
67.9%
Song 4Saviour,
67.9%
Song 4gentlemen.
67.8%
Song 4our
67.8%
Song 1sinners
65.7%
Song 2Orient
65.6%
Song 1reconciled.
64.1%
Song 5how
63.2%
Song 5see
63.1%
Song 10heart
62.9%
Song 8behold
62.2%
Song 10room.
59.7%
Song 10prepare
59.7%
Song 7they
58.5%
Song 7they
58.5%
Song 5by.
57.9%
Song 5thee
57.3%
Song 4nothing
57.2%
Song 2gifts
57%
Song 2Field
56.9%
Song 4dismay.
56.5%
Song 3It
55.8%
Song 3that
55%
Song 7that
55%
Song 5deep
54.8%
Song 7deep.
54.8%
Song 2afar.
54.8%
Song 2bearing
53.7%
Song 5lie.
53.7%
Song 5still
53%
Song 2mountain,
52.7%
Song 2following
52.4%
Song 2yonder
52.4%
Song 3their
51.5%
Song 7their
51.5%
Song 6looked
49.9%
Song 7fields
49.2%
Song 2fountain,
49.1%
Song 7fields
49%
Song 3came
48.8%
Song 7shepherds
48.8%
Song 3upon
48.6%
Song 7did
48.5%
Song 5thy
47.9%
Song 7say,
47.8%
Song 7first
47.5%
Song 7cold
47.5%
Song 7sheep,
47.4%
Song 7Noel,
46.9%
Song 5Above
46.4%
Song 5dreamless
46.1%
Song 3midnight
46.1%
Song 3clear,
45.6%
Song 7winter's
45.3%
Song 7poor
44.9%
Song 2moor
44.3%
Song 7certain
43.6%
Song 2traverse
42.8%
Song 7keeping
40.3%
Song 3song
38.8%
Song 3old.
35.8%
Song 3glorious
34.7%
Song 3gold.
34.6%
Song 3From
30.4%
Song 3near
28.1%
Song 3harps
26.4%
Song 3touch
26.2%
Song 3bending
23.8%

You're not logged in!

Compare scores with friends on all Sporcle quizzes.
OR
Log In

You Might Also Like...

Show Comments

Extras

Top Quizzes Today


Score Distribution

Your Account Isn't Verified!

In order to create a playlist on Sporcle, you need to verify the email address you used during registration. Go to your Sporcle Settings to finish the process.

Report this User

Report this user for behavior that violates our Community Guidelines.

Details: